1609 1511 1005 1799 1827 1539 1527 1666 1749 1524 1068 1749 2000 1505 1819 1593 1094 1946 1039 1713 1132 1981 1418 1406 1822 1815 1829 1734 1211 1276 1317 1458 1973 1512 1149 1879 1476 1940 1506 1061 1275 1218 1440 1932 1191 1682 1076 1921 1545 1061 1657 1975 1800 1027 1259 1633 1966 1638 1804 1058 1777 1503 1881 1902 1856 1119 1903 1646 1007 1006 1763 1802 1492 1134 1008 1290 1933 1638 1217 1239 1501 1586 1452 1105 1906 1727 1752 1397 1967 1539 1725 1760 1624 1472 1937 1915 1068 1841 1734 BCNSPRNW ULIB Ver.6.0+V

เปลี่ยนเป็นภาษาไทย

Change to English
 แสดงรายละเอียดบรรณานุกรม
  กลับหน้าหลัก

Brief Record : Get Marc (ISO 2709) : E-mail record : QR code < ปิดหน้าต่าง
LEADER : 00000nam 2200000uu 4500
001    13399112051
003     ULIB
008    110725s2552||||th 000 0 tha d
020    9786117070228 (ล.4)
050  4 H62^bส786ร ล.4 2552
100 0  สุธีระ ประเสริฐสรรพ์
245 10 วิจัย--พลังเปลี่ยนการเรียนรู้ 4 /^cสุธีระ ประเสริฐสรรพ์
246 30 วิจัย...พลังเปลี่ยนการเรียนรู้
250    พิมพ์ครั้งที่ 1
260    กรุงเทพฯ :^bสำนักงานกองทุนสนับสนุนการวิจัย (สกว.),^c2552
300    5 เล่ม :^bภาพประกอบ ;^c24 ซม.
650  7 การวิจัย
650  7 การศึกษา
650  7 การเรียนรู้
710 2  สำนักงานกองทุนสนับสนุนการวิจัย
740 0  วิจัยใน...ความคิด : เล่มที่ 1
740 0  หลักคิด...การวิจัย : เล่มที่ 2
740 0  วิจัย...เรื่องใกล้ตัว : เล่มที่ 3
740 0  เรียนรู้คู่วิจัย : เล่มที่ 4
740 0  วิจัยใน...จินตนาการ : เล่มที่ 5
945    ^p70^l0^i026435
945    ^p70^l0^i026436
995    ทศพร
999 ^a ทศพร
รายการนี้ยังไม่มีแท็ก
คุณยังไม่ได้ล็อกอิน คุณสามารถมีกิจกรรมร่วมกับเว็บไซต์ได้ แต่ต้องล็อกอินก่อน ::
  ล็อกอิน

รายการสื่อสารสนเทศ

ลำดับที่ ประเภท เลขเรียก/บาร์โค้ด สถานที่ สถานะ
- ไม่พบข้อมูล -

รายการใกล้เคียง
    ผู้แต่ง [สุธีระ ประเสริฐสรรพ์]

    หัวเรื่อง [การวิจัย]
    หัวเรื่อง [การศึกษา]
    หัวเรื่อง [การเรียนรู้]

BibComment


ยังไม่เคยถูกคอมเมนท์

คอมเมนท์ทรัพยากรรายการนี้
  คอมเมนท์: วิจัยพลังเปลี่ยนก..


 Copyright 2026. Bcnsprnw @Library